Washington Counties - Sudden Death - Statistics

General Stats
  • This quiz has been taken 24 times
  • The average score is 21 of 32
Answers on the Grid
Answers color-coded by a green-red scale on the quiz's grid according to % correct below.
Adams
Alamosa
Archer
Asotin
Baker
Benton
Bristol
Brooks
Chelan
Clallam
Clark
Columbia
Dawson
Douglas
Elk
Eureka
Fallon
Ferry
Fountain
Franklin
Gallatin
Garfield
Grant
Gray's Harbor
Humbolt
Island
Jackson
Jefferson
Kalkaska
Kitsap
Kittitas
Klickitat
Lawrence
Lewis
Lewis and Clark
Lincoln
Madison
Marion
Mason
Mercer
Newton
Northwest Hills
Ochiltree
Okanogan
Pacific
Pend Oreille
Penobscot
Pine
Skagit
Skamania
Spokane
Stevens
Tehama
Tillamook
Thurston
Victoria
Wahkiakum
Walla Walla
Washington
Wrangell
Yakima
Yakutat
Yavapai
Yolo
 
Answer Stats
Answer % Correct
Clallam
89%
Chelan
83%
Kitsap
83%
Kittitas
83%
Gray's Harbor
78%
Klickitat
78%
Spokane
78%
Adams
72%
Asotin
72%
Island
72%
Columbia
67%
Douglas
67%
Ferry
67%
Jefferson
67%
Okanogan
67%
Pend Oreille
67%
Skamania
67%
Stevens
67%
Wahkiakum
67%
Walla Walla
67%
Yakima
67%
Benton
61%
Garfield
61%
Grant
61%
Lewis
61%
Pacific
61%
Skagit
61%
Lincoln
56%
Mason
56%
Thurston
56%
Clark
44%
Franklin
44%
No matching quizzes found
Score Distribution
Percent of People with Each Score
Percentile by Number Answered
Your Score History
You have not taken this quiz